[Event "36th Zalakaros Festival 2017"]
[Site "Zalakaros"]
[Date "2017.05.25"]
[Round "8"]
[White "Antal, Gergely"]
[Black "Krzyzanowski, Marcin"]
[Result "1/2-1/2"]
[WhiteElo "2517"]
[BlackElo "2457"]
[Annotator "TA"]
[PlyCount "85"]
[EventDate "2017.??.??"]
[EventType "swiss"]
[EventCountry "HUN"]
[SourceTitle "playchess.com"]
[Source "ChessBase"]
[SourceQuality "1"]

{[%evp 9,85,19,52,29,29,41,43,14,25,21,19,25,24,22,28,36,33,24,45,24,60,38,45,18,39,-49,34,0,26,-43,-15,-70,-60,-94,-68,-122,-38,-59,-48,-49,-64,-63,-49,-85,-55,-120,-120,-78,0,-12,0,-16,-9,-38,-50,-50,-52,-32,-35,-43,-26,-84,0,-31,-23,-32,-23,-27,-33,-83,-40,-33,0,0,0,0,0,0]} 1. e4 c5 2. Nf3 d6 3. d4 cxd4 4. Qxd4 Nf6 5. Nc3 Bd7 6. Bg5 {B53: Sicilian: 2...d6: Lines with Qxd4} Nc6 7. Qd2 a6 (7... e6 8. Bf4 Qa5 9. O-O-O Ne5 10. Bxe5 dxe5 11. Qg5 Rc8 12. Qxe5 Bc5 13. Nd2 {0-1 (34) Antipov,M (2524)-Wei,Y (2641) Pune 2014}) 8. O-O-O {White is slightly better.} b5 9. Kb1 e6 10. Bxf6 gxf6 11. Ne2 $146 ({Predecessor:} 11. g4 b4 12. Ne2 e5 13. Rg1 Be6 {0-1 (37) Brankovic,D (2345)-Ratkovic,M (2315) Kraljevo 2014}) 11... Qb6 12. Nfd4 Be7 13. h4 Ne5 14. Ng3 Nc4 15. Qh6 O-O-O 16. Be2 Kb8 17. Qc1 ({White should try} 17. Bxc4 $14 bxc4 18. Qh5) 17... Qa5 (17... Bc8 $15) 18. f4 (18. Bxc4 $5 bxc4 19. c3 $11) 18... Rc8 (18... Rhg8 $5 {[%cal Rg8g3]} 19. Rd3 f5 $15) 19. Rh3 (19. Nf1 $11) 19... Rhg8 $15 20. Bf1 (20. f5 $11) 20... Rc7 21. Nh5 Qb6 22. f5 ({Better is} 22. Rb3 $15) 22... d5 (22... e5 $17 23. Ne2 b4) 23. exd5 e5 24. Nc6+ $1 Bxc6 25. dxc6 Qxc6 26. Rhd3 Rgc8 27. Ng3 (27. Rc3 $15) 27... Bc5 $17 28. c3 Bf2 (28... Re7 $17) 29. Rf3 Bxg3 30. Rxg3 Qe4+ 31. Bd3 Qxh4 32. Rh3 Qg4 33. Bxc4 Rxc4 34. Qc2 b4 {[%cal Bb5b4,Bb4c3][%mdl 32]} 35. Rxh7 (35. Rd6 $11 {remains equal.}) 35... R4c7 (35... bxc3 $17 36. Ka1 cxb2+ 37. Qxb2+ Rb4 38. Qxb4+ Qxb4) 36. Rdh1 {[#] And now R7h4 would win.} bxc3 37. R7h4 $1 {[%cal Rh4g4]} Qg3 {Strongly threatening ...cxb2.} 38. Rb4+ Ka7 {Threatens to win with ...cxb2.} 39. Rc1 Qe3 40. Rb3 Rb8 41. Rxc3 {The position is equal.} Rxc3 42. Qxc3 Qe4+ 43. Qc2 {Precision: White = 31%, Black = 53%.} 1/2-1/2

[Event "36th Zalakaros Festival 2017"]
[Site "Zalakaros"]
[Date "2017.05.25"]
[Round "8"]
[White "Kollars, Dmitrij"]
[Black "Efimenko, Zahar"]
[Result "1/2-1/2"]
[WhiteElo "2503"]
[BlackElo "2648"]
[Annotator "TA"]
[PlyCount "68"]
[EventDate "2017.??.??"]
[EventType "swiss"]
[EventCountry "HUN"]
[SourceTitle "playchess.com"]
[Source "ChessBase"]
[SourceQuality "1"]

{[%evp 21,68,31,31,32,37,35,58,58,73,53,76,78,85,45,45,45,45,45,52,45,90,30,35,51,37,40,50,40,29,10,16,-17,-6,-5,-20,-4,0,-70,-23,-17,-20,-21,-30,-18,0,0,0,0,5]} 1. e4 e5 2. Nf3 Nc6 3. Bc4 Bc5 4. c3 Nf6 5. d3 d6 6. O-O h6 7. Nbd2 {[%cal Bb1d2,Bd2f1,Bf1e3,Be3c4][%mdl 32]} O-O 8. Bb3 Be6 {C54: Giuoco Piano: 4 c3 Nf6, main lines with 5 d4 and 5 d3} (8... Re8 9. Re1 Be6 10. h3 a6 11. Nf1 d5 12. exd5 Bxd5 13. Ng3 Bxb3 14. axb3 e4 15. dxe4 Qxd1 16. Rxd1 Nxe4 17. Nxe4 Rxe4 {½-½ (24) Bacrot,E (2691)-Safarli,E (2694) Novi Sad 2016}) 9. Re1 a6 10. Nf1 Re8 11. Bxe6 fxe6 {LiveBook: 8 Games} 12. b4 Bb6 $146 ({Predecessor:} 12... Ba7 13. a4 Ne7 14. h3 Ng6 15. Ng3 Rf8 16. d4 Nd7 17. Be3 {½-½ (31) Cretu,S (2106)-Helmer,J (2013) ICCF email 2011}) 13. a4 a5 14. b5 Nb8 15. Ne3 Nbd7 16. Nc4 Bc5 17. Be3 (17. Bd2 {feels hotter.} Qe7 18. Qc2 Rf8 19. d4 Bb6 20. Rad1) 17... Bxe3 18. Rxe3 Qe7 19. Qb3 Qf7 20. h3 Rf8 21. b6 (21. d4 $16) 21... Nxb6 22. Nxb6 cxb6 23. Qxb6 Qd7 24. d4 exd4 25. cxd4 Rfc8 26. Rb1 Rc4 27. Qxb7 Qxb7 28. Rxb7 Rxa4 29. Re1 (29. e5 $11 Nd5 30. Reb3 dxe5 31. Nxe5) 29... Rb4 30. Rxb4 $1 axb4 31. e5 dxe5 32. Nxe5 b3 {The position is equal.} 33. Rb1 Rb8 34. Rb2 Rb4 {Precision: White = 69%, Black = 50%.} 1/2-1/2

[Event "36th Zalakaros Festival 2017"]
[Site "Zalakaros"]
[Date "2017.05.25"]
[Round "8"]
[White "Studer, Noel"]
[Black "Ikeda, Junta"]
[Result "1-0"]
[WhiteElo "2498"]
[BlackElo "2412"]
[Annotator "TA"]
[PlyCount "83"]
[EventDate "2017.??.??"]
[EventType "swiss"]
[EventCountry "HUN"]
[SourceTitle "playchess.com"]
[Source "ChessBase"]
[SourceQuality "1"]

{[%evp 11,83,26,29,29,31,4,7,8,39,1,22,-14,-6,-53,2,-46,-37,-29,-30,-14,21,24,26,31,108,102,319,313,324,318,402,176,280,271,278,257,288,272,287,273,284,279,277,227,450,428,403,404,829,743,879,275,281,273,229,195,189,191,198,191,217,213,350,310,435,435,387,200,514,501,837,835,1066,951]} 1. d4 d5 2. c4 e6 3. Nf3 c6 4. Nbd2 f5 5. g3 Nf6 6. Bg2 {D30: Queen's Gambit Declined: Systems without Nc3} Nbd7 {LiveBook: 8 Games} 7. Ng5 Qe7 8. O-O {White is slightly better.} h6 9. Ngf3 g5 10. Rb1 $146 ({Predecessor:} 10. b3 Ne4 11. Qc2 Qg7 12. Bb2 Be7 13. Ne5 Nxd2 14. Qxd2 Bf6 15. cxd5 exd5 16. Rac1 O-O 17. f4 Bd8 18. b4 {½-½ (18) Kaidanov,G (2596)-Kharlov,A (2638) Moscow 2002}) 10... a5 11. Qa4 Ne4 12. Nxe4 fxe4 (12... dxe4 $15 13. Nd2 Bg7) 13. Nd2 Bg7 14. e3 g4 15. b4 b5 (15... Nb6 $5 {[%cal Rb6a4]} 16. Qd1 axb4 $11) 16. cxb5 cxb5 17. Qxb5 {Qc6 is the strong threat.} O-O (17... axb4 $1 $14 18. Qc6 (18. Rxb4 Ba6 $17) (18. Qxb4 Qxb4 19. Rxb4 Rxa2 $11) 18... Rb8) 18. Qa4 $1 $36 {[%mdl 2048] White has strong initiative.} (18. bxa5 $6 Ba6 $11) 18... Rf7 $2 (18... Qd8 $16) 19. Qc6 $18 (19. bxa5 Ba6 $14) 19... Rb8 20. bxa5 {Threatens to win with Rxb8.} Qd8 {If only Black now had time for ...Rxb1....} 21. Nb3 (21. Ba3 $142) 21... Rf6 (21... Bf8 {keeps fighting.}) 22. Ba3 {Hoping for Bd6.} Bb7 23. Qb5 Bc8 24. Qe2 h5 25. Rfc1 e5 26. Qc2 Ba6 27. Nc5 Nxc5 $2 (27... Rxb1 {was worth a try.} 28. Qxb1 (28. Rxb1 Nxc5 29. Qxc5 exd4 $16) 28... Nxc5 29. dxe5 (29. Bxc5 Qxa5 30. dxe5 Rc6 $18) (29. dxc5 Qxa5 30. Bb4 Qa4 $16) (29. Rxc5 exd4 30. exd4 Rf7 $16) 29... Bd3) 28. Rxb8 ({Weaker is} 28. dxc5 Rxb1 29. Qxb1 Qxa5 $16) 28... Qxb8 29. Qxc5 Bc4 {[#]} (29... Qb7 $142 30. dxe5 Bf8) 30. Bxe4 $1 {[%mdl 512]} Qd8 (30... dxe4 31. Qxc4+) 31. Qe7 $2 (31. dxe5 Re6 32. Rd1) 31... Qxe7 32. Bxe7 Ra6 33. Bd8 {aiming for dxe5.} exd4 34. exd4 Bxd4 {[#]} 35. Bg2 $1 Re6 36. Bf1 Bxa2 (36... Rc6 $142 37. Bb6 Bc5) 37. a6 Re8 (37... Bb3 $142 38. Bg5 Ba4 39. Rc8+ Re8 40. Rxe8+ Bxe8) 38. Bg5 Kf7 {[#]} 39. a7 (39. Be3 $142 $1 {[%mdl 512]} Bxe3 40. fxe3) 39... Kg6 $2 {[#]} (39... Ra8 {is more resistant.}) 40. Be3 $1 {[%mdl 512] White is clearly winning.} Be5 (40... Bxe3 $142 41. fxe3 Ra8) 41. Rc6+ Kg7 42. Ra6 {Precision: White = 47%, Black = 28%.} 1-0

[Event "36th Zalakaros Festival 2017"]
[Site "Zalakaros"]
[Date "2017.05.25"]
[Round "8"]
[White "Van Foreest, Lucas"]
[Black "Markus, Robert"]
[Result "0-1"]
[WhiteElo "2489"]
[BlackElo "2673"]
[Annotator "TA"]
[PlyCount "100"]
[EventDate "2017.??.??"]
[EventType "swiss"]
[EventCountry "HUN"]
[SourceTitle "playchess.com"]
[Source "ChessBase"]
[SourceQuality "1"]

{[%evp 18,100,57,73,66,61,74,67,81,58,82,27,60,17,70,30,87,77,89,70,77,68,73,57,54,52,67,0,53,0,0,3,31,14,29,0,-2,-9,4,-9,0,0,0,-157,-29,-25,-25,-44,-1,0,0,0,36,31,30,-10,-11,-12,-12,-12,-17,-10,-15,-16,-8,-114,-114,-113,-116,-116,-124,-122,-100,-152,-160,-316,-249,-290,-387,-597,-576,-6203,-5799,-5273,-497]} 1. d4 Nf6 2. c4 d6 3. Nc3 Nbd7 4. e4 e5 5. Nf3 g6 6. Be2 Bg7 7. O-O O-O 8. Be3 Qe7 9. Qc2 c6 10. d5 {LiveBook: 48 Games} Ne8 $146 {E94: King's Indian: Classical: 6 Be2 e5 7 0-0: Various Black 7th moves} ({Predecessor:} 10... c5 11. Ne1 Ne8 12. Nd3 f5 13. exf5 gxf5 14. f4 Nef6 15. fxe5 Nxe5 16. Nxe5 dxe5 17. Bg5 Qe8 18. Nb5 {0-1 (56) Van Wely,L (2668)-Jones,G (2676) chess.com INT 2017}) 11. Bg5 f6 12. Bh4 c5 {White is slightly better.} 13. Nd2 h5 14. Bg3 (14. h3 $16) 14... Bh6 15. Bd3 Qh7 ({Better is} 15... f5 $11 16. f3 (16. exf5 h4 $14) 16... Be3+ 17. Bf2 Bxf2+ 18. Kxf2 f4) 16. h3 Bf4 (16... f5 $1 $11 {keeps the balance.}) 17. Nf3 Qh6 18. Nh4 Rf7 19. Rae1 Nf8 20. Kh1 Bd7 21. a3 Rc8 22. Re2 (22. b3 $14) 22... Ng7 ({Black should try} 22... Bg4 $11) 23. Nb5 Bxb5 $1 24. cxb5 Bg5 25. Nf3 h4 26. Nxg5 Qxg5 27. Bh2 Nh5 28. Re3 Nd7 29. Be2 Nf4 {[%csl Gf4][%cal Rg5g2] [#]} 30. g3 $2 (30. Bxf4 $11 exf4 31. Rc3) 30... hxg3 (30... Nxh3 $17 31. Rc3 Rh7) 31. Rxg3 $11 Qh6 32. Rfg1 Kf8 33. Bg4 Ke7 34. Rf3 Rh8 35. b4 b6 36. Bxf4 (36. a4 {is more complex.} Re8 37. a5 Kf8 38. Qd2 g5 39. axb6 axb6 40. Ra3) 36... exf4 37. Bxd7 Kxd7 38. bxc5 dxc5 39. e5 $1 {[%cal Re5e6] Strongly threatening e6+.} fxe5 {White must now prevent ...Qh5.} 40. Qe4 ({But not} 40. Rxg6 $2 Qh7 $19) 40... Rf6 {Threatens to win with ...Kd6.} 41. Qxe5 (41. d6 $1 $11 {was the only way to keep the balance.} Rxd6 42. Qxe5) 41... Qh5 $36 {[%mdl 2048] White is under strong pressure.} 42. Qc3 Qf5 43. Re1 Re8 44. Rxe8 Kxe8 {[%mdl 4096] Endgame KQR-KQR} 45. Qc4 ({White should play} 45. a4) 45... g5 46. Kh2 $2 (46. Qe2+ $17 Kd7 47. Kg1) 46... g4 $19 47. hxg4 Qxg4 {( -> ...Rh6+)} 48. Rh3 (48. Qe4+ $142 Kd8 49. Rh3) 48... Rg6 {[%csl Gg6][%cal Rg4g2] Black is clearly winning.} 49. Qe4+ Kf7 {[%csl Gg6][%cal Rg4g1]} 50. Qh1 {[#]} Qxh3+ $1 {[%mdl 512] Precision: White = 25%, Black = 46%.} 0-1

[Event "36th Zalakaros Festival 2017"]
[Site "Zalakaros"]
[Date "2017.05.25"]
[Round "8"]
[White "Kantor, Gergely"]
[Black "Manea, Alexandru"]
[Result "1-0"]
[WhiteElo "2481"]
[BlackElo "2410"]
[Annotator "TA"]
[PlyCount "103"]
[EventDate "2017.??.??"]
[EventType "swiss"]
[EventCountry "HUN"]
[SourceTitle "playchess.com"]
[Source "ChessBase"]
[SourceQuality "1"]

{[%evp 20,103,37,13,25,12,17,0,4,8,1,0,0,0,-4,-43,-6,-43,-43,-47,-45,-45,-45,-104,-36,-40,-31,-32,0,-22,-9,-34,0,-22,0,0,0,-6,-2,-24,0,0,19,20,28,0,0,0,0,0,0,0,0,0,0,0,0,0,0,0,0,0,0,0,0,0,28,22,41,44,123,79,134,142,350,340,1211,1204,1168,1129,1180,1094,29995,180,29996,29997]} 1. d4 d5 2. c4 c6 3. Nf3 e6 4. g3 Nf6 5. Bg2 Bd6 6. O-O Nbd7 7. Nc3 O-O 8. Nd2 Be7 {E01: Catalan: Early deviations} (8... c5 9. cxd5 exd5 10. dxc5 Nxc5 11. Nb3 Nxb3 12. axb3 Be6 13. Nxd5 Nxd5 14. Bxd5 Qe7 15. Bxe6 Qxe6 16. Ra4 {1-0 (33) Ivanisevic,I (2630)-Todorovic,G (2457) Kragujevac 2017}) 9. e4 dxe4 10. Ndxe4 Nxe4 11. Nxe4 {LiveBook: 9 Games} e5 12. d5 {White wants to play d6.} f5 13. d6 fxe4 14. dxe7 Qxe7 15. Bxe4 Nc5 16. Bg2 $146 Bf5 17. Be3 e4 18. Qe2 (18. Bxc5 $5 Qxc5 19. Qe2 $11) 18... Nd3 19. Bd4 Rae8 20. b3 Qe6 21. Qe3 (21. f4 $1 $15) 21... Bh3 (21... Bg4 $1 $17 22. Bxa7 Qf5) 22. f4 $1 $15 b6 23. Rad1 c5 24. Bc3 Bf5 25. Rd2 Kh8 26. Rfd1 (26. h3 $5 Bxh3 27. Bxh3 Qxh3 28. f5 $1 $11 {[%mdl 512]}) 26... Rf7 27. Bf1 Rd7 28. Be2 Kg8 29. h4 {[%cal Bh2h4,Bh4h5][%mdl 32]} (29. h3 $5 {[%cal Rg3g4]} Bxh3 30. Bxd3 exd3 31. Qxe6+ Rxe6 32. Rxd3 Rxd3 33. Rxd3 $11) 29... g6 30. h5 Kf7 {[%cal Bg8f7,Bf7e8,Be8d8,Bd8c7,Bc7b7][%mdl 32]} 31. Kh2 Ree7 32. Rg1 {aiming for g4.} Bg4 33. f5 gxf5 {White must now prevent ...Bxe2.} ({Don't go for} 33... Qxf5 $2 34. Rf1 $18) 34. Bxg4 fxg4 35. Rf1+ Ke8 {Threatens to win with ...Rf7.} 36. Rf6 Qg8 37. Re2 (37. Rd1 $5 {[%cal Rd1f1]} Re6 38. Rdf1 Rxf6 39. Rxf6 $11) 37... Kd8 $1 38. Qh6 Kc7 $1 39. Rf8 $36 {[%mdl 2048] White is pushing.} Qe6 $1 {[%cal Re6h6]} 40. Rf6 Qg8 41. a4 {[%cal Ba2a4,Ba4a5,Ba5b6][%mdl 32]} Kb7 42. a5 Qd8 43. Qg5 Qe8 44. Qxg4 Nc1 (44... Rc7 $14) 45. Rc2 $1 $16 {[%cal Rc2c1]} Nxb3 ({Better is} 45... Nd3) 46. axb6 a6 $2 {[#]} (46... a5 $16) 47. Rcf2 $1 $18 {Hoping for Rf8.} Rg7 $2 (47... Rf7 48. h6 Rxf6 49. Rxf6 Nd2) 48. Qf5 Nd4 49. Qxc5 e3 50. Bxd4 exf2 {[#]} 51. Qc6+ $1 Kb8 {[#]} 52. Be5+ $1 {[%mdl 512] Precision: White = 68%, Black = 43%.} 1-0

[Event "36th Zalakaros Festival 2017"]
[Site "Zalakaros"]
[Date "2017.05.25"]
[Round "8"]
[White "Praggnanandhaa R"]
[Black "Li, Bo"]
[Result "0-1"]
[WhiteElo "2471"]
[BlackElo "2359"]
[Annotator "TA"]
[PlyCount "69"]
[EventDate "2017.??.??"]
[EventType "swiss"]
[EventCountry "HUN"]
[SourceTitle "playchess.com"]
[Source "ChessBase"]
[SourceQuality "1"]

{[%evp 12,69,48,59,59,41,56,45,45,44,80,72,70,48,61,22,23,13,43,37,45,43,45,32,52,41,50,11,21,25,142,128,131,-243,14,-366,-9,-108,27,-421,-51,-538,-39,-462,-126,-889,-318,-926,-766,-922,-600,-900,0,-1157,-503,-2852,-953,-1584,-430,-1202]} 1. Nf3 d5 2. g3 Nf6 3. Bg2 c6 4. O-O Bf5 5. d3 e6 6. Nh4 Bg6 {A07: Réti Opening: New York and Capablanca Systems} 7. Nxg6 {LiveBook: 8 Games} hxg6 8. Nd2 Nbd7 {White is slightly better.} 9. e4 Qc7 10. Qe2 Qe5 $146 ({Predecessor:} 10... Be7 11. f4 dxe4 12. dxe4 e5 13. Nc4 O-O-O 14. Be3 {1-0 (30) Karjakin,S (2775)-Jakovenko,D (2741) Moscow 2012}) 11. Re1 dxe4 12. dxe4 Bc5 13. c3 Qh5 14. Qxh5 Rxh5 15. Bf3 Rh8 {Threatening ...Ne5.} 16. e5 Nd5 17. Kg2 Bb6 18. Nc4 Bc7 19. a4 Nc5 20. Bg5 f6 (20... a5 $11) 21. exf6 $16 gxf6 {[#]} 22. Bh6 $2 {[%mdl 8192]} (22. b4 $1 $16 {stays on course.}) 22... Rd8 $2 (22... Rxh6 $19 23. b4 Nd3 24. Rxe6+ Kf7) 23. Re2 $2 {[%mdl 8192]} (23. Be3 $11 Nd3 24. Re2) 23... Kf7 $2 (23... Rxh6 $19 24. b4 Nd3 25. Bxd5 cxd5) 24. b4 (24. Be3 $11 {remains equal.} Nb3 25. Rd1) 24... Nd7 ({Much weaker is} 24... Rxh6 25. bxc5 Rdh8 26. h4 $11) ({Better is} 24... Nxc3 $17 {Threatens to win with ...Nb3.} 25. Rc2 Nb3 26. Rxc3 Nxa1) 25. a5 $2 {[%mdl 8192]} (25. Bd2 $11 {and White is okay.}) 25... Ne5 $2 {[#]} (25... Rxh6 $19 26. a6 b6 27. Bxd5 cxd5) 26. Nb2 $2 {[%mdl 8192]} (26. Nxe5+ $15 Bxe5 27. Rxe5 fxe5 28. Bg5) 26... Rd7 $2 (26... Nxf3 $19 27. Kxf3 Rxh6) 27. Rae1 $2 {[%mdl 8192]} (27. Bxd5 $1 $15 cxd5 28. Bc1) 27... Ne7 $2 ({Don't take} 27... Rxh6 28. Bxd5 Rxd5 29. f4 $19) (27... Nxf3 $19 {has better winning chances.} 28. Kxf3 Rxh6) 28. Kh3 $2 {[%mdl 8192]} (28. Be3 $17) 28... f5 $2 (28... Nxf3 29. Rh1 Rxh6+ 30. Kg2 Ne5) 29. Bd5 $2 (29. Rxe5 Bxe5 30. Rxe5) 29... cxd5 30. f4 Bb8 31. Na4 Bc7 $2 ({Black should play} 31... Nd3 $19 32. Rf1 Rxh6+ 33. Kg2 d4 34. cxd4 Rxd4) 32. Rd2 $2 {[%mdl 8192]} (32. Nb2 $11 Rxh6+ 33. Kg2) 32... Nd3 (32... Nf3 $142 33. Ree2 Nxd2) 33. Re4 (33. Rxd3 $142 Rxh6+ 34. Kg2) 33... g5 34. Rxd3 Bxa5 (34... fxe4 $142 35. Re3 Rxh6+ 36. Kg2 Nf5) 35. Nc5 {Precision: White = 17%, Black = 15%.} (35. Re1 $142 Rxh6+ 36. Kg2 gxf4 37. bxa5) 0-1

[Event "36th Zalakaros Festival 2017"]
[Site "Zalakaros"]
[Date "2017.05.25"]
[Round "8"]
[White "Jarmula, Lukasz"]
[Black "Kosakowski, Jakub"]
[Result "1-0"]
[WhiteElo "2469"]
[BlackElo "2369"]
[Annotator "TA"]
[PlyCount "109"]
[EventDate "2017.??.??"]
[EventType "swiss"]
[EventCountry "HUN"]
[SourceTitle "playchess.com"]
[Source "ChessBase"]
[SourceQuality "1"]

{[%evp 26,109,46,33,64,0,0,0,0,0,0,0,0,0,0,0,29,39,29,39,39,39,24,30,30,16,21,48,106,116,104,92,150,152,172,91,83,90,83,99,108,76,69,69,69,69,108,99,83,47,38,29,305,214,387,345,321,196,896,351,346,343,339,336,314,278,313,221,268,225,611,601,664,659,631,628,827,759,1708,1041,29974,11699,6039,5873,29970,10492]} 1. e4 e5 2. Nf3 Nc6 3. Bc4 Bc5 4. O-O Nf6 5. d3 d6 6. c3 a6 7. Bb3 Ba7 8. Nbd2 O-O 9. h3 Ne7 10. Re1 Ng6 11. Nf1 Be6 12. Ng3 {C54: Giuoco Piano: 4 c3 Nf6, main lines with 5 d4 and 5 d3} Re8 13. d4 (13. Bc2 h6 14. d4 c5 15. Be3 cxd4 16. cxd4 b5 17. a4 b4 18. a5 Qb8 19. Ba4 {1-0 (34) Ganguly,S (2668)-Matlakov,M (2694) Doha 2016}) 13... Bxb3 14. Qxb3 {LiveBook: 3 Games. White is slightly better.} b5 $146 ({Predecessor:} 14... Rb8 15. Be3 exd4 16. Bxd4 Bxd4 17. cxd4 c6 18. a3 Qc7 19. Re3 {1-0 (49) Zhigalko,A (2588)-Aghasaryan,R (2425) Cappelle-la-Grande 2013}) 15. Be3 (15. a4 $14) 15... exd4 $11 16. Bxd4 c5 17. Bxf6 Qxf6 18. Nh5 Qe7 19. Qd5 c4 20. Nd4 Qh4 (20... Bxd4 $5 21. cxd4 Qe6 $11) 21. g3 $36 {[%mdl 2048] Black is under pressure.} Qxh3 22. Qf5 Qxf5 23. Nxf5 Ne5 24. Nhxg7 Nf3+ 25. Kg2 Nxe1+ 26. Rxe1 Bc5 ({Black should try} 26... Rf8 $14) 27. Nxe8 $16 Rxe8 {[%mdl 4096] Endgame KRB-KRN} 28. f4 f6 (28... b4 $142) 29. Kf3 $1 d5 30. Re2 (30. e5 $18) 30... dxe4+ 31. Rxe4 Rd8 32. Re6 Rd2 33. Rxa6 Rxb2 34. Rc6 Bf8 35. Nd4 b4 36. cxb4 (36. Rxf6 $6 bxc3 37. Rc6 c2 $11) 36... Rxb4 37. Rc8 Kf7 38. Rc7+ Kg6 $2 {[%mdl 8192]} (38... Ke8 $1 $11 {and Black stays safe.}) 39. Ne6 Bd6 $2 (39... Rb8 40. g4 (40. Rxc4 h5 $16) 40... h5 41. f5+ (41. Rxc4 hxg4+ 42. Kxg4 f5+ 43. Kf3 Be7 $16) 41... Kh6) 40. Rd7 $18 Rb6 41. g4 {[%cal Bg3g4,Bg4g5][%mdl 32] White threatens f5+ and mate.} Ra6 $2 {[#]} (41... f5) 42. a4 $1 {[%mdl 512]} f5 {[#]} (42... Rxa4 43. f5+) 43. g5 $1 c3 {intending ...c2.} 44. Rg7+ Kh5 45. Rxh7+ Kg6 46. Rh6+ Kf7 {...c2 is the strong threat.} 47. Rf6+ Ke7 $2 (47... Kg8 48. Nd4 (48. Rxf5 $2 c2 $19) 48... Rb6) 48. Nd4 c2 49. Nxc2 Rxa4 50. Rxf5 Rc4 51. Ne3 Rc5 52. Ke4 Ke6 53. Rf6+ (53. Rxc5 $142 Bxc5 54. f5+ Kf7 55. Ng4 Ba3 56. Ne5+ Kg7 57. f6+ Kf8 58. g6) 53... Kd7 54. Rf7+ Ke8 55. g6 {Precision: White = 65%, Black = 31%.} 1-0

[Event "36th Zalakaros Festival 2017"]
[Site "Zalakaros"]
[Date "2017.05.25"]
[Round "8"]
[White "Bagi, Mate"]
[Black "Rajdeep Sarkar"]
[Result "1-0"]
[WhiteElo "2455"]
[BlackElo "2312"]
[Annotator "TA"]
[PlyCount "153"]
[EventDate "2017.??.??"]
[EventType "swiss"]
[EventCountry "HUN"]
[SourceTitle "playchess.com"]
[Source "ChessBase"]
[SourceQuality "1"]

{[%evp 9,153,16,16,14,26,18,27,12,29,25,43,35,63,45,45,51,67,61,86,78,80,77,78,85,52,29,43,37,39,45,39,26,33,29,29,24,28,22,27,8,36,36,30,32,33,32,39,0,0,0,0,0,0,0,0,0,0,6,11,0,12,0,66,68,61,72,62,76,80,50,38,25,25,21,13,8,8,8,16,0,0,0,0,0,0,0,8,0,0,0,0,0,0,0,0,0,0,0,0,0,0,0,0,0,8,8,8,8,8,8,8,8,29962,29963,29965,29944,29960,29964,9748,6397,29971,29972,29970,29973,29978,29979,29979,29980,29980,29980,29982,29983,29983,29984,29984,29985,29985,29986,29986,29987,29987,29988,29988,29989,29990,29991]} 1. d4 d5 2. Nc3 Bf5 3. Bf4 c6 (3... e6 4. e3 Bd6 5. g4 Bg6 6. Nf3 Nd7 7. Bd3 Bxd3 8. Qxd3 Bxf4 9. exf4 h5 10. gxh5 Rxh5 11. Rg1 Qf6 {0-1 (39) Jobava,B (2717)-Andreikin,D (2722) Tashkent 2014}) 4. e3 e6 5. g4 Bg6 $1 6. h4 {[#] Hoping for h5. D00: 1 d4 d5: Unusual lines} h6 7. Bd3 $146 ({Predecessor:} 7. Nf3 Nd7 8. h5 Bh7 9. Bd3 Bxd3 10. Qxd3 Ngf6 11. Rg1 Bb4 {½-½ (58) Stefanova,A (2489)-Girya,O (2450) Khanty-Mansiysk 2014}) 7... Bxd3 8. Qxd3 {White has an edge.} Bd6 9. Nge2 Ne7 10. O-O-O Na6 11. e4 Bxf4+ 12. Nxf4 Nb4 13. Qg3 Qd7 14. Nh5 Rg8 15. a3 Na6 16. g5 hxg5 17. hxg5 (17. Qxg5 $5 {[%cal Rh5g7]} f6 18. Qf4 $16 (18. Nxg7+ Kf7 $14)) 17... dxe4 18. Nxe4 O-O-O 19. Qf4 Nf5 20. Nhg3 (20. Qe5 {with more complications.} Qe7 21. Nhg3 Qd7 22. c3 b6 23. Nd2) 20... Qc7 21. Qxc7+ Nxc7 22. c3 Nd5 23. Rh7 Nde7 24. Rdh1 Rd5 25. Rh8 Rxh8 26. Rxh8+ Rd8 27. Rh7 Kc7 28. g6 Nxg6 29. Nxf5 $1 exf5 $11 {[%mdl 4096] Endgame KRN-KRN} 30. Ng3 f4 31. Nf5 Kd7 32. Nxg7 Ke7 33. Nf5+ Kf6 34. Nh4 Re8 35. Kd2 Rh8 ({Better is} 35... Nxh4 $11 36. Rxh4 Kg5) 36. Rxh8 $14 Nxh8 {KN-KN} 37. Kd3 Kg5 38. Nf3+ Kf5 39. Ne5 f6 $1 {[%cal Rf6e5]} 40. Nc4 Nf7 41. f3 b6 42. a4 Ng5 43. Nd2 Ke6 44. c4 f5 45. b4 Kd6 46. Ke2 Ne6 47. Nb3 a6 48. a5 b5 49. Kd3 Ng5 50. Nd2 Ne6 51. Nb3 Ng5 52. cxb5 cxb5 53. Nc5 Nxf3 54. Nxa6 {And now Nc5 would win.} Ne1+ 55. Kd2 Nf3+ 56. Kc3 Nh2 {Strongly threatening ...f3.} 57. Kd3 {Nc5 is the strong threat.} Ng4 58. Nc5 $1 {Black must now prevent a6.} Nf6 59. a6 {[%cal Ba5a6,Ba6a7][%mdl 32] Threatens to win with a7.} Nd5 60. Ke2 {aiming for Kf3.} Nc7 $2 {[%mdl 8192]} (60... Kc6 $11) 61. Kf3 Kd5 62. a7 Na8 {[#]} 63. Nb3 $1 Kc6 64. Kxf4 Kb6 65. Kxf5 {White mates.} Kxa7 66. d5 {[%cal Bd4d5,Bd5d6][%mdl 32]} Kb6 67. d6 Kb7 68. Ke6 Nb6 69. Nd4 Kc8 70. Nxb5 Kd8 71. Nd4 Kc8 72. Nc6 Nd7 73. Ne5 Nb6 74. d7+ Kc7 75. b5 Nxd7 76. Nxd7 Kb7 77. Kd6 {Precision: White = 70%, Black = 52%.} 1-0